MARC details
| 000 -CABECERA |
| campo de control de longitud fija |
00895cam a2200229 a 4500 |
| 001 - NÚMERO DE CONTROL |
| campo de control |
000003067 |
| 005 - FECHA Y HORA DE LA ÚLTIMA TRANSACCIÓN |
| campo de control |
20200929150324.0 |
| 008 - DATOS DE LONGITUD FIJA--INFORMACIÓN GENERAL |
| campo de control de longitud fija |
010615s2000 ck a 001 0 spa |
| 020 ## - NÚMERO INTERNACIONAL ESTÁNDAR DEL LIBRO |
| Número Internacional Estándar del Libro |
9592190534 |
| 040 ## - FUENTE DE LA CATALOGACIÓN |
| Centro catalogador/agencia de origen |
DO-SdBNP |
| Lengua de catalogación |
spa |
| Centro/agencia transcriptor |
BNPHU |
| 082 ## - NÚMERO DE LA CLASIFICACIÓN DECIMAL DEWEY |
| Número de clasificación |
H860.9 |
| Número de documento/Ítem |
L923p |
| 100 1# - ENTRADA PRINCIPAL--NOMBRE DE PERSONA |
| Nombre de persona |
Loynaz, Dulce María, |
| Fechas asociadas al nombre |
1903-1997. |
| 9 (RLIN) |
9680 |
| 245 13 - MENCIÓN DE TÍTULO |
| Título |
La palabra en el aire : |
| Resto del título |
conferencias y discursos / |
| Mención de responsabilidad, etc. |
Dulce María Loynaz ; edición, Vivian Milagros González González, Rosa Pablos de la Rosa. |
| 260 ## - PUBLICACIÓN, DISTRIBUCIÓN, ETC. |
| Lugar de publicación, distribución, etc. |
Pinar del Río, Cuba : |
| Nombre del editor, distribuidor, etc. |
Hnos. Loynaz, |
| Fecha de publicación, distribución, etc. |
2000. |
| 300 ## - DESCRIPCIÓN FÍSICA |
| Extensión |
223 p. : |
| Otras características físicas |
il. ; |
| Dimensiones |
24 cm. |
| 490 1# - MENCIÓN DE SERIE |
| Mención de serie |
El fausto |
| 650 #4 - PUNTO DE ACCESO ADICIONAL DE MATERIA--TÉRMINO DE MATERIA |
| Término de materia o nombre geográfico como elemento de entrada |
Literatura hispanoamericana |
| Subdivisión general |
Historia y crítica |
| 9 (RLIN) |
6273 |
| 650 #4 - PUNTO DE ACCESO ADICIONAL DE MATERIA--TÉRMINO DE MATERIA |
| Término de materia o nombre geográfico como elemento de entrada |
Literatura hispanoamericana |
| Subdivisión general |
Conferencias, congresos etc |
| 9 (RLIN) |
9681 |
| 700 1# - PUNTO DE ACCESO ADICIONAL--NOMBRE DE PERSONA |
| Nombre de persona |
González González, Vivian Milagros, |
| Término indicativo de función/relación |
ed. |
| 9 (RLIN) |
9682 |
| 700 1# - PUNTO DE ACCESO ADICIONAL--NOMBRE DE PERSONA |
| Nombre de persona |
Pablos de la Rosa, Rosa, |
| Término indicativo de función/relación |
ed. |
| 9 (RLIN) |
9683 |
| 830 #3 - PUNTO DE ACCESO ADICIONAL DE SERIE-TÍTULO UNIFORME |
| Título uniforme |
El fausto |
| 9 (RLIN) |
9684 |